Equipe-type de Ligue 1 - Statistiques

Statistiques générales
  • Ce quiz a été pris 931 fois
  • Le résultat moyen est 70 sur 143
Statistiques - réponses
Hint Réponse Club % Correct
Zlatan Ibrahimovic Paris SG
94%
2008 | 2011 | 2015 Steve Mandanda O. Marseille
90%
Thiago Silva Paris SG
88%
Alexandre Lacazette O. Lyonnais
84%
Edinson Cavani Paris SG
82%
2003 | 2004 | 2005 | 2006 Grégory Coupet O. Lyonnais
81%
2013 | 2014 Salvatore Sirigu Paris SG
79%
2009 | 2010 | 2012 Hugo Lloris O. Lyonnais
77%
Olivier Giroud Montpellier HSC
77%
Eden Hazard Lille OSC
76%
Yoann Gourcuff G. Bordeaux
76%
Thiago Motta Paris SG
75%
Marco Verratti Paris SG
74%
Dimitri Payet Lille OSC | O. Marseille
73%
Juninho O. Lyonnais
73%
Maxwell Paris SG
71%
Blaise Matuidi Paris SG
70%
Karim Benzema O. Lyonnais
70%
Nabil Fekir O. Lyonnais
70%
André-Pierre Gignac Toulouse FC
68%
David Luiz Paris SG
65%
Javier Pastore Paris SG
64%
Mamadou Niang O. Marseille
61%
Lisandro Lopez O. Lyonnais
60%
Christophe Jallet O. Lyonnais | Paris SG
59%
Cris O. Lyonnais
59%
Pedro Miguel Pauleta G. Bordeaux | Paris SG
59%
Loïc Perrin AS Saint-Etienne
57%
Mahamadou Diarra O. Lyonnais
54%
James Rodriguez AS Monaco
53%
Pierre-Emerick Aubameyang AS Saint-Etienne
53%
Younès Belhanda Montpellier HSC
53%
Serge Aurier Toulouse FC
52%
Moussa Sow Lille OSC
51%
Florent Malouda O. Lyonnais
50%
Ludovic Giuly AS Monaco
50%
Mathieu Valbuena O. Marseille
49%
Vitorino Hilton Montpellier HSC | O. Marseille | RC Lens
47%
Nenê Paris SG
46%
Souleymane Diawara G. Bordeaux | O. Marseille
46%
Jérôme Rothen AS Monaco
45%
Anthony Réveillère O. Lyonnais
44%
Didier Drogba O. Marseille
44%
Rio Mavuba Lille OSC
44%
Adil Rami Lille OSC
42%
Kevin Gameiro FC Lorient
42%
Michael Essien O. Lyonnais | SC Bastia
42%
Franck Ribéry O. Marseille
41%
Layvin Kurzawa AS Monaco
41%
Samir Nasri O. Marseille
41%
Taye Taiwo O. Marseille
41%
Marouane Chamakh G. Bordeaux
40%
Mathieu Debuchy Lille OSC
39%
Bernard Mendy Paris SG
38%
Fernando Morientes AS Monaco
37%
Eric Abidal O. Lyonnais
36%
Jérémy Toulalan O. Lyonnais
36%
Patrice Evra AS Monaco
36%
Benoît Pedretti FC Sochaux
35%
Michel Bastos Lille OSC
35%
Benoît Cheyrou O. Marseille
34%
Guillaume Hoarau Paris SG
34%
Mamadou Sakho Paris SG
34%
Alexander Frei Stade Rennais
32%
Shabani Nonda AS Monaco
32%
Sylvain Wiltord O. Lyonnais
32%
Philippe Méxès AJ Auxerre
31%
Benoît Trémoulinas G. Bordeaux
29%
Nicolas Nkoulou O. Marseille
29%
Steve Savidan Valenciennes FC
29%
Gervinho Lille OSC
28%
2007 Teddy Richert FC Sochaux
27%
Henri Bedimo Montpellier HSC
26%
Rod Fanni Stade Rennais
26%
Gaël Givet AS Monaco
21%
Kader Keita Lille OSC
21%
Seydou Keita RC Lens
21%
Habib Beye O. Marseille
18%
Johan Elmander Toulouse FC
18%
Laurent Bonnart O. Marseille
18%
Mario Yepes FC Nantes | Paris SG
18%
Bacary Sagna AJ Auxerre
17%
Etienne Capoue Toulouse FC
17%
Sébastien Squillaci AS Monaco
17%
Wendel G. Bordeaux
17%
Sébastien Puygrenier AS Nancy
16%
Michaël Ciani G. Bordeaux
14%
Daniel Van Buyten O. Marseille
11%
Yann M'Vila Stade Rennais
11%
Bonaventure Kalou AJ Auxerre
10%
Stéphane Sessègnon Paris SG
9%
Lucas Bernardi AS Monaco
8%
David Jemmali G. Bordeaux
4%
Johan Radet AJ Auxerre
4%
Manuel Dos Santos O. Marseille
4%
Aucun quiz correspondant
Distribution des résultats
% des personnes avec chaque résultat
Percentile par nombre de réponses
Votre historique - résultats
Vous n’avez pas pris ce quiz